<?xml version="1.0" encoding="UTF-8"?>
<record
    xmlns:xsi="http://www.w3.org/2001/XMLSchema-instance"
    xsi:schemaLocation="http://www.loc.gov/MARC21/slim http://www.loc.gov/standards/marcxml/schema/MARC21slim.xsd"
    xmlns="http://www.loc.gov/MARC21/slim">

  <leader>03957nab a2200313 i 4500</leader>
  <controlfield tag="003">BR-BrBNA</controlfield>
  <controlfield tag="005">20231023152500.0</controlfield>
  <controlfield tag="008">231023b2016    bl.qr|pooa||| 00| 0 por |</controlfield>
  <datafield tag="040" ind1=" " ind2=" ">
    <subfield code="a">BR-BrBNA</subfield>
    <subfield code="b">por</subfield>
  </datafield>
  <datafield tag="072" ind1=" " ind2=" ">
    <subfield code="a">E16</subfield>
    <subfield code="b">3290</subfield>
  </datafield>
  <datafield tag="072" ind1=" " ind2=" ">
    <subfield code="a">K10</subfield>
  </datafield>
  <datafield tag="100" ind1=" " ind2=" ">
    <subfield code="a">Costa, Camila Br&#xE1;s</subfield>
  </datafield>
  <datafield tag="100" ind1=" " ind2=" ">
    <subfield code="a">Souza, Agostinho Lopes de</subfield>
  </datafield>
  <datafield tag="100" ind1=" " ind2=" ">
    <subfield code="a">Castellani, D&#xE9;bora Cristina</subfield>
  </datafield>
  <datafield tag="100" ind1=" " ind2=" ">
    <subfield code="a">Silva, M&#xE1;rcio Lopes da</subfield>
  </datafield>
  <datafield tag="100" ind1=" " ind2=" ">
    <subfield code="a">Borges, Eduardo Euclydes de Lima e </subfield>
  </datafield>
  <datafield tag="245" ind1=" " ind2=" ">
    <subfield code="a">An&#xE1;lise de viabilidade da produ&#xE7;&#xE3;o de semente e polpa de jatob&#xE1; (Hymenaea spp) na regi&#xE3;o sul de Goi&#xE1;s  </subfield>
  </datafield>
  <datafield tag="500" ind1=" " ind2=" ">
    <subfield code="a">Publica&#xE7;&#xE3;o on-line; 29 ref.; 6 tables; 3 illus.; Summaries (En, Pt)</subfield>
  </datafield>
  <datafield tag="520" ind1=" " ind2=" ">
    <subfield code="a">

RESUMO
Abordou-se, neste trabalho, o manejo florestal sustent&#xE1;vel de produtos florestais n&#xE3;o madeireiros
(PFNM) e avaliou a viabilidade t&#xE9;cnica e econ&#xF4;mica da produ&#xE7;&#xE3;o de frutos de jatob&#xE1; no sul goiano.
Em uma primeira etapa foram mapeadas e georreferenciadas 931 &#xE1;rvores do g&#xEA;nero Hymenaea, nos
munic&#xED;pios de Campestre de Goi&#xE1;s - GO, Naz&#xE1;rio - GO e Trindade - GO. Em uma segunda etapa, foram
estimados os coeficientes t&#xE9;cnicos de produ&#xE7;&#xE3;o e coletados dados, juntamente ao produtor, quanto aos
custos na produ&#xE7;&#xE3;o de semente e farinha. O custo de produ&#xE7;&#xE3;o foi de R$ 54,06.kg-1 e o pre&#xE7;o de venda,
de R$ 67,58.kg-1. As an&#xE1;lises de viabilidade econ&#xF4;mica de plantios de jatob&#xE1; e de implanta&#xE7;&#xE3;o de uma
Agroind&#xFA;stria Rural de Pequeno Porte (ARPP) indicaram a partir dos crit&#xE9;rios de avalia&#xE7;&#xE3;o econ&#xF4;mica
VPL (Valor Presente L&#xED;quido), TIR (Taxa Interna de Retorno), B/C (raz&#xE3;o benef&#xED;cio-custo) e VAE
(Valor Equivalente Anual), que h&#xE1; viabilidade na utiliza&#xE7;&#xE3;o dos frutos em ambos os cen&#xE1;rios, desde
que as pr&#xE1;ticas de manejo e estrat&#xE9;gias de conserva&#xE7;&#xE3;o fomentem a produ&#xE7;&#xE3;o sustent&#xE1;vel, provendo
recursos econ&#xF4;micos enquanto ocorre, simultaneamente, a conserva&#xE7;&#xE3;o dos recursos gen&#xE9;ticos do
jatob&#xE1;.

Palavras-chave: viabilidade econ&#xF4;mica; manejo sustent&#xE1;vel; Hymenaea courbaril.</subfield>
  </datafield>
  <datafield tag="520" ind1=" " ind2=" ">
    <subfield code="a">

ABSTRACT
This study addressed the sustainable forest management of non-timber forest products (NTFPs) and
evaluated the technical and economic viability of producing fruits of jatoba in southern Goi&#xE1;s. In the
first step it was mapped and georeferenced 931 trees in the genus Hymenaea at Campestre de Goi&#xE1;s,
GO state, Nazario, GO state and Trindade, GO state. In a second step, it was estimated the coefficients
of production and technical data collected by the producer as to the costs in the production of seed and
flour. The production cost was R$ 54,06.kg-1 and the sales price was R$ 67,58.kg-1. The analysis of the
economic viability of jatoba plantations and the implementation of a &#x201C;Agroind&#xFA;stria Rural de Pequeno
Porte (ARPP)&#x201D; (Small Rural Agricultural Industry), indicated that from the economic evaluation
criteria VPL (Net Present Value), TIR (Internal Return Rate), B/C (Benefit-cost analysis) and VAE
(Equivalent Annual Value), it is viable to use the fruits in both scenarios as long as the management
practices and conservation strategies encourage the sustainable production, providing
economic resources while simultaneously promotes the conservation of the jatoba genetic resources.

Keywords: economic viability; sustainable management; Hymeanaea courbaril.</subfield>
  </datafield>
  <datafield tag="650" ind1=" " ind2=" ">
    <subfield code="a">HYMENAEA COURBARIL</subfield>
  </datafield>
  <datafield tag="650" ind1=" " ind2=" ">
    <subfield code="a">JATOB&#xC1;</subfield>
  </datafield>
  <datafield tag="650" ind1=" " ind2=" ">
    <subfield code="a">MANEJO</subfield>
  </datafield>
  <datafield tag="650" ind1=" " ind2=" ">
    <subfield code="a">ECONOMIA DA PRODU&#xC7;&#xC3;O</subfield>
  </datafield>
  <datafield tag="773" ind1="0" ind2=" ">
    <subfield code="0">4065</subfield>
    <subfield code="9">102038</subfield>
    <subfield code="d">Santa Maria-RS Universidade Federal de Santa Maria - Centro de Pesquisas Florestais.Departamento de Ci&#xEA;ncias Florestais. Programa de P&#xF3;s-Gradua&#xE7;&#xE3;o em Engenharia Florestal 1991</subfield>
    <subfield code="o">2023-436444</subfield>
    <subfield code="t">Ci&#xEA;ncia Florestal (Brazil)</subfield>
    <subfield code="x">0103-9954; 1980-5098 (on-line)</subfield>
    <subfield code="g">v. 26(3) p. 1023-1036; (Jul-Sep 2016)</subfield>
    <subfield code="w">BR2023001239</subfield>
  </datafield>
  <datafield tag="856" ind1=" " ind2=" ">
    <subfield code="u">https://www.scielo.br/j/cflo/a/DTLcBV5Mt8YDrRshnPdtXBN/?format=pdf&amp;lang=pt</subfield>
  </datafield>
  <datafield tag="942" ind1=" " ind2=" ">
    <subfield code="c">Anal&#xED;tica</subfield>
  </datafield>
  <datafield tag="999" ind1=" " ind2=" ">
    <subfield code="c">86550</subfield>
    <subfield code="d">86550</subfield>
  </datafield>
</record>
